000 00521cam a22001817a 4500
001 000019862
005 20200929170152.0
008 870819s1986 fr 000 0 fre
010 _a87869162
020 _a2070707903 :
_c94.00F
040 _aDO-SdBNP
_cDLC
_dDLC
050 0 0 _aMLCS 87/05149 (P)
100 1 _aMetellus, Jean,
_d1937-
_942386
245 1 2 _aL'annee Dessalines :
_broman /
_cJean Metellus.
260 _a[Paris] :
_bGallimard,
_cc1986.
300 _a281 p. ;
_c21 cm.
910 _aCatalogación derivada / LC
999 _c19375
_d19375